A True narrative of the confession and execution of Ensign Flower, at Reading the 8th of this instant March 1684 : who was tried and condemned at Reading ...

Bibliographic Details
Format: eBook
Language:English
Published: London : Printed by E. Mallet, [1684]
Series:Early English books online.
Subjects:
Online Access:Connect to the full text of this electronic book

MARC

Tag First Indicator Second Indicator Subfields
LEADER 00000nam a2200000Ia 4500
001 in00004299713
005 20200810083114.0
006 m g d
007 cr bn |||a|bb|
008 860609s1684 enk o 00| | eng d
035 |a (OCoLC)13707220 
040 |c EAF  |d WaOLN 
037 |a CL0037000034  |b ProQuest Information and Learning. 300 N. Zeeb Rd., Ann Arbor, MI 48106 
043 |a e-uk-en 
090 |a HV8551  |b .T78 
049 |a EAFA 
245 0 2 |a A True narrative of the confession and execution of Ensign Flower, at Reading the 8th of this instant March 1684 :  |b who was tried and condemned at Reading ... 
260 |a London :  |b Printed by E. Mallet,  |c [1684] 
300 |a 1 online resource (4 pages) 
336 |a text  |b txt  |2 rdacontent 
337 |a computer  |b c  |2 rdamedia 
338 |a online resource  |b cr  |2 rdacarrier 
500 |a Caption title. 
500 |a Imprint from colophon. 
500 |a Date of publication suggested by Wing. 
500 |a Imperfect: print show-through. 
500 |a Reproduction of original in the Huntington Library. 
510 4 |a Wing  |c T2777A 
533 |a Electronic reproduction.  |b Ann Arbor, Mich. :  |c UMI,  |d 1999-  |f (Early English books online)  |n Digital version of: (Early English books, 1641-1700 ; 1054:9)  |7 s1999 miun s 
650 0 |a Executions and executioners  |z England. 
830 0 |a Early English books online. 
856 4 0 |u http://proxy.library.tamu.edu/login?url=https://search.proquest.com/docview/2248500498  |z Connect to the full text of this electronic book  |t 0 
999 f f |s 59b5d20b-0221-3e1c-ab71-bf1af3474c82  |i dda8faa9-13e8-36fd-8d9c-4acc48a97cde  |t 0 
952 f f |a Texas A&M University  |b College Station  |c Electronic Resources  |d Available Online  |t 0  |e HV8551 .T78  |h Library of Congress classification 
998 f f |a HV8551 .T78  |t 0  |l Available Online